=LDR 00000nam 2200000 4500 =001 NUTBA000000000005320 =005 20141028092249.0 =006 =007 =008 =020 ##$$a 978-979-1304-90-0 =035 ##$$a 0010-101400000000550 =040 ##$$a NBPDMAT =082 ##$$a 372.83 =090 ##$$a 372.83 $b Far i =100 ##$$a MS. Faridy =245 ##$$a Ilmu Pengetahuan Sosial Terpadu Untuk SD/MI /$c MS. Faridy, T. Rosmiati ; penyuntng, Andria Febrina Andriasari =260 ##$$a Bandung : $b Titian Ilmu, $c 2008 =500 ##$$a Yang diterima jilid 1 s/d jilid 6 =650 ##$$a ILMU PENGETAHUAN SOSIAL-SD =700 ##$$a Febrina Andriasari =850 ##$$a NBPDMAT